000 00284nam a22001337a 4500
008 180807b xxu||||| |||| 00| 0 eng d
082 _a813.52
245 _aPuentes
_cMarinelli,P.J
260 _c2007
300 _a2
_fCD
440 _x1413011977
760 _b4th
942 _2ddc
_cMX
999 _c46883
_d46883